Krizový vývoj amerických bank nabízí poučení.
Stručný vývoj finančného systému v USA. Pravidlá konkurencie medzi sporiteľnami a bankami. Federálny poistný systém vkladov a jeho štruktúra. Vysvetlenie pojmu "morálny hazard". Štruktúra rozpočtu bankových inštitúcií. Aspekty regulácie bankových inštitúcií. Následky konjunkturálnych zmien v bankovo...
Guardado en:
| Autor principal: | |
|---|---|
| Formato: | Capítulo de libro |
| Lenguaje: | checo |
| Materias: | |
| Etiquetas: |
Sin Etiquetas, Sea el primero en etiquetar este registro!
|
MARC
| LEADER | 00000naa a2200000 4500 | ||
|---|---|---|---|
| 001 | r013314 | ||
| 005 | 20221205075542.9 | ||
| 041 | 0 | |a cze | |
| 044 | |a CZ | ||
| 245 | 1 | 0 | |a Krizový vývoj amerických bank nabízí poučení. |c J. Cingaiová |
| 520 | |a Stručný vývoj finančného systému v USA. Pravidlá konkurencie medzi sporiteľnami a bankami. Federálny poistný systém vkladov a jeho štruktúra. Vysvetlenie pojmu "morálny hazard". Štruktúra rozpočtu bankových inštitúcií. Aspekty regulácie bankových inštitúcií. Následky konjunkturálnych zmien v bankovom systéme. Kríza bánk a kríza sporiteľní. Návrhy na reformu v bankovníctve. Reforma finančného systému. | ||
| 610 | 2 | 0 | |a USA |
| 610 | 2 | 0 | |a sústava finančná |
| 610 | 2 | 0 | |a hazard morálny |
| 610 | 2 | 0 | |a konkurencia |
| 610 | 2 | 0 | |a banky |
| 610 | 2 | 0 | |a sporiteľne |
| 610 | 2 | 0 | |a sústava banková |
| 100 | 1 | |a Cingaiová, J. | |